| 000 | 00738nam a2200229Ia 4500 | ||
|---|---|---|---|
| 003 | OSt | ||
| 005 | 20250129102925.0 | ||
| 008 | 210716s2003 xx 000 0 und d | ||
| 020 | _a9780070483118 | ||
| 040 | _cAIMIT LIBRARY | ||
| 041 | _aeng | ||
| 082 |
_a006.620288 _22 _bGOVB |
||
| 100 |
_aGovindarajalu, B. _9195901 |
||
| 245 |
_aIBM PC and troubleshooting and maintenance / _cBy B Govindarajalu. |
||
| 250 | _a2nd ed. | ||
| 260 |
_aNew Delhi : _bTata McGraw Hill Publishing Company Ltd , _c2003. |
||
| 300 |
_axxxix,963p. ; _bHB _c25.4 cm |
||
| 650 |
_aBasic concepts and architecture _9195902 |
||
| 650 |
_aPC hardware components _9195903 |
||
| 650 |
_aCircuits and subsystems _9195904 |
||
| 942 |
_2ddc _cBK _e1st _k006.620288 GOVB |
||
| 999 |
_c186422 _d186422 |
||